Представление документа в формате MARC21

Поле Инд. ПП Название Значение
Тип записи a
Библиографический уровень m
001 Контрольный номер a4dfb8ae-ea54-4cf0-94a6-cfa32cb5cad8
005 Дата корректировки 20140226142316.5
008 Кодируемые данные 990128 d
020 c Цена, тираж 25000.00
041 a Код языка текста eng
080 a Индекс УДК 615.851.86
084 a Индекс другой классификации/Индекс ББК Ч516.914
090 a Полочн. индекс Ч516.9
x Авторский знак R19
c Каталожный индекс Ч516.914
100 1_ a Автор Ram Kumar E.R.
245 0_ a Заглавие Heal yourself with yoga
b Продолж. заглавия Specific asanas for specific diseases
c Ответственность E.R. Ram Kumar; Forew. K.P. Dave
260 0_ a Место издания Bombay
b Издательство Taraorevala
c Дата издания 1987
300 a Объем XXIV,155,[1] p.,[16] p. ill.
b Иллюстрации/ тип воспроизводства ill.
583 a Действие Получение впервые 354 10.11.97
k Исполнитель действия Дар Иванова В.В. и Лобановой Т.Д.
650 a Основная рубрика Йогов система физической культуры
650 a Основная рубрика Йогов гимнастика
653 a Ключевые слова Yoga
a Ключевые слова Гимнастика йогов
a Ключевые слова Йога
700 1_ a Другие авторы Dave K.P.
e Роль лиц Forew.
852 t Порядковый номер экземпляра 1
p Инвентарный номер 689260
888 a Бесплатные
930 a Новая/Ретро англ
952 p 354 25000.00 1 689260
c Вид литературы К и
954 a Дата поступления на обработку 14.11.97
999 a Подразделение 2 Фил3